[Event "Groningen 2009 - Open A"]
[Site "Groningen NED"]
[Date "2009.12.22"]
[Round "2.19"]
[White "Nabuurs, Joep"]
[Black "Schiffer, Kai Uwe"]
[Result "1/2-1/2"]
[WhiteElo "2191"]
[BlackElo "2318"]
[PlyCount "120"]
[EventDate "2009.12.21"]
[EventType "swiss"]
[EventRounds "9"]
[EventCountry "NED"]
[Source "lmi"]
[SourceDate "2009.12.21"]

1. e4 c5 2. Nf3 e6 3. d4 cxd4 4. Nxd4 a6 5. Nc3 Qc7 6. Bd3 Nf6 7. O-O Bc5 8.
Nb3 Be7 9. Qe2 d6 10. Bd2 Nbd7 11. Rae1 O-O 12. f4 e5 13. f5 b5 14. g4 b4 15.
g5 bxc3 16. gxf6 cxd2 17. fxe7 dxe1=Q 18. exf8=Q+ Kxf8 19. Rxe1 Nf6 20. Bc4 Rb8
21. c3 Qc6 22. Kf1 Bxf5 23. exf5 Qh1+ 24. Kf2 Qxh2+ 25. Ke3 Qf4+ 26. Kd3 Qxf5+
27. Kd2 a5 28. Kc1 a4 29. Nd2 d5 30. Bd3 e4 31. Qh2 Rd8 32. Qc7 Qc8 33. Qxc8
Rxc8 34. Ba6 Ra8 35. Bb5 Ke7 36. c4 Kd6 37. cxd5 Kxd5 38. Bc4+ Kd4 39. Bxf7 Ra7
40. Be6 g5 41. Bf5 Rc7+ 42. Kd1 Re7 43. Nf3+ Kd3 44. Nxg5 Re5 45. Rf1 Nd5 46.
Bxe4+ Rxe4 47. Nxe4 Ne3+ 48. Ke1 Nxf1 49. Nc5+ Kc2 50. Nxa4 Ne3 51. b4 Nc4 52.
Ke2 Na3 53. Ke3 h5 54. Kf4 Kb1 55. Kg5 Kxa2 56. Nc5 Nb5 57. Kxh5 Ka3 58. Na6
Nc7 59. Kg5 Ka4 60. Nxc7 Kxb4 1/2-1/2

[Event "Groningen 2009 - Open A"]
[Site "Groningen NED"]
[Date "2009.12.22"]
[Round "2.20"]
[White "Ernst, Sipke"]
[Black "Jellema, Yme Jan"]
[Result "1-0"]
[WhiteElo "2587"]
[BlackElo "2193"]
[PlyCount "65"]
[EventDate "2009.12.21"]
[EventType "swiss"]
[EventRounds "9"]
[EventCountry "NED"]
[Source "lmi"]
[SourceDate "2009.12.21"]

1. d4 d5 2. c4 c6 3. Nc3 Nf6 4. e3 g6 5. Nf3 Bg7 6. h3 O-O 7. Bd3 c5 8. O-O
cxd4 9. exd4 dxc4 10. Bxc4 Ne8 11. Re1 Nd6 12. Bb3 Nc6 13. Bg5 h6 14. Bf4 Bf5
15. Ne5 Na5 16. Bd5 e6 17. Bf3 g5 18. Bh2 Rc8 19. Qe2 b5 20. a3 f6 21. Rad1 Qe7
22. Nd3 Nb3 23. Nc5 Nxc5 24. dxc5 Nc4 25. Bd6 Nxd6 26. cxd6 Qd7 27. g4 Bg6 28.
Qxe6+ Qxe6 29. Rxe6 Rc5 30. Nd5 Bf7 31. Ne7+ Kh8 32. d7 Rd8 33. Rc6 1-0

[Event "Groningen 2009 - Open A"]
[Site "Groningen NED"]
[Date "2009.12.22"]
[Round "2.21"]
[White "Berkovich, Mark A"]
[Black "Mostertman, Milan"]
[Result "1-0"]
[WhiteElo "2406"]
[BlackElo "2169"]
[PlyCount "55"]
[EventDate "2009.12.21"]
[EventType "swiss"]
[EventRounds "9"]
[EventCountry "NED"]
[Source "lmi"]
[SourceDate "2009.12.21"]

1. d4 Nf6 2. Nf3 e6 3. Bg5 Be7 4. Nbd2 d5 5. e3 c5 6. dxc5 Bxc5 7. Bd3 Nc6 8.
O-O h6 9. Bh4 O-O 10. e4 dxe4 11. Nxe4 Be7 12. Bxf6 Bxf6 13. c3 Be7 14. Qe2 Qc7
15. Ng3 b6 16. Rfe1 Bb7 17. Qe4 g6 18. Qg4 Bf6 19. Nh5 Bg7 20. Nxg7 Kxg7 21.
Rxe6 Rad8 22. Rxg6+ fxg6 23. Qxg6+ Kh8 24. Qxh6+ Kg8 25. Bc4+ Rf7 26. Ng5 Ne5
27. Bxf7+ Nxf7 28. Qg6+ 1-0

[Event "Groningen 2009 - Open A"]
[Site "Groningen NED"]
[Date "2009.12.22"]
[Round "2.22"]
[White "Herwaarden van, Arjen"]
[Black "Grover, Sahaj"]
[Result "0-1"]
[WhiteElo "2162"]
[BlackElo "2372"]
[PlyCount "80"]
[EventDate "2009.12.21"]
[EventType "swiss"]
[EventRounds "9"]
[EventCountry "NED"]
[Source "lmi"]
[SourceDate "2009.12.21"]

1. e4 e6 2. d4 d5 3. Nc3 Nf6 4. e5 Nfd7 5. f4 c5 6. Nf3 Nc6 7. Ne2 Be7 8. g3
O-O 9. Bg2 cxd4 10. Nexd4 Nc5 11. O-O f6 12. c3 fxe5 13. fxe5 Bd7 14. Bh3 a5
15. Qe2 Qe8 16. Be3 Qh5 17. Nxc6 bxc6 18. Bg2 Bc8 19. Nd4 Qxe2 20. Rxf8+ Bxf8
21. Nxe2 Nd3 22. Nf4 Nxe5 23. Re1 Nf7 24. Bd4 Bd7 25. Kf1 Re8 26. Bb6 a4 27.
Nd3 a3 28. b4 e5 29. Bc7 e4 30. Nf4 g5 31. Nh5 Be7 32. h3 Rc8 33. Bb6 Ne5 34.
Bd4 Rf8+ 35. Ke2 Nf3 36. Bxf3 Rxf3 37. Rh1 Bc8 38. g4 Rxh3 39. Rxh3 Bxg4+ 40.
Ke3 Bxh3 0-1

[Event "Groningen 2009 - Open A"]
[Site "Groningen NED"]
[Date "2009.12.22"]
[Round "2.23"]
[White "Racherbaeumer, Marcel"]
[Black "Hertog ten, Hugo"]
[Result "1/2-1/2"]
[WhiteElo "2301"]
[BlackElo "2159"]
[PlyCount "103"]
[EventDate "2009.12.21"]
[EventType "swiss"]
[EventRounds "9"]
[EventCountry "NED"]
[Source "lmi"]
[SourceDate "2009.12.21"]

1. e4 c5 2. Nf3 d6 3. d4 cxd4 4. Nxd4 Nf6 5. Nc3 a6 6. Be2 e5 7. Nb3 Be7 8. O-O
O-O 9. Kh1 Nc6 10. f4 exf4 11. Bxf4 Be6 12. Qe1 Ne8 13. Rd1 Bf6 14. Qg3 Qe7 15.
Bd3 Rc8 16. Nd5 Bxd5 17. exd5 Na7 18. Be3 Ra8 19. Nd4 Kh8 20. Nf5 Qd7 21. c3
Nc8 22. Nxg7 Bxg7 23. Bf5 Qd8 24. Qh3 Nf6 25. Bg5 h5 26. Bxf6 Qxf6 27. Bxc8 Qg6
28. Bf5 Qg5 29. Bc2 f5 30. Rxf5 Rxf5 31. Qxf5 Qxf5 32. Bxf5 Rf8 33. Rf1 Be5 34.
g3 Kg7 35. Kg2 Kh6 36. Be6 Rxf1 37. Kxf1 a5 38. a4 b6 39. Ke2 h4 40. gxh4 Bxh2
41. Kd3 Bf4 42. Kc4 Bc1 43. b4 Bd2 44. Bf7 Kg7 45. Be8 Kf6 46. h5 Kg5 47. Kd3
Be1 48. bxa5 bxa5 49. c4 Bb4 50. Ke4 Bc5 51. h6 Kxh6 52. Kf5 1/2-1/2

[Event "Groningen 2009 - Open A"]
[Site "Groningen NED"]
[Date "2009.12.22"]
[Round "2.24"]
[White "Thompson, Ian D"]
[Black "Cako, Laszlo"]
[Result "0-1"]
[WhiteElo "2266"]
[BlackElo "2155"]
[PlyCount "90"]
[EventDate "2009.12.21"]
[EventType "swiss"]
[EventRounds "9"]
[EventCountry "NED"]
[Source "lmi"]
[SourceDate "2009.12.21"]

1. c4 Nf6 2. Nc3 e6 3. e4 d5 4. e5 d4 5. exf6 dxc3 6. bxc3 Qxf6 7. Nf3 e5 8.
Bd3 Bd6 9. O-O O-O 10. Be4 Nd7 11. d4 c6 12. Re1 h6 13. Qc2 c5 14. Be3 Rb8 15.
Rad1 b6 16. Bc1 exd4 17. cxd4 cxd4 18. Nxd4 Nc5 19. Bh7+ Kh8 20. Nb5 Qf4 21.
Bb2 Qg5 22. Rd4 Bb7 23. g3 Rbe8 24. Rf1 Be5 25. Bc1 Qh5 26. Rd5 Bxd5 27. cxd5
f5 28. f4 Bb8 29. Rf2 Kxh7 30. Bb2 Re1+ 31. Kg2 Ne4 32. Rf3 Re8 33. Nd4 Bd6 34.
Ne6 Bc5 35. Bd4 Rxe6 36. Bxc5 Nxc5 37. dxe6 Nxe6 38. Qd2 Re4 39. Rf2 Nd4 40.
Qc3 Qd1 41. Qc8 Re2 42. Rxe2 Qxe2+ 43. Kh3 Qf1+ 44. Kh4 Nf3+ 45. Kh5 g6# 0-1

[Event "Groningen 2009 - Open A"]
[Site "Groningen NED"]
[Date "2009.12.22"]
[Round "2.25"]
[White "Groenewold, Jan Joris"]
[Black "Genova, Lyubka"]
[Result "0-1"]
[WhiteElo "2145"]
[BlackElo "2263"]
[PlyCount "82"]
[EventDate "2009.12.21"]
[EventType "swiss"]
[EventRounds "9"]
[EventCountry "NED"]
[Source "lmi"]
[SourceDate "2009.12.21"]

1. d4 g6 2. Nf3 Bg7 3. c4 c5 4. d5 d6 5. g3 e6 6. dxe6 Bxe6 7. Na3 Nf6 8. Bg2
O-O 9. O-O h6 10. Bf4 d5 11. Nb5 Na6 12. Qc1 Kh7 13. Rd1 Qb6 14. a4 Rfd8 15.
Ne5 dxc4 16. Rxd8 Rxd8 17. Nxc4 Bxc4 18. Qxc4 Rd7 19. Bh3 Rd5 20. e4 Rh5 21.
Bg2 Ng4 22. Rd1 Qf6 23. Qe2 Ne5 24. Bc1 c4 25. f4 Nd3 26. e5 Qd8 27. Bf3 Rf5
28. Be4 Nac5 29. g4 Nxc1 30. Qf3 Qb6 31. gxf5 Nxe4+ 32. Kg2 Nd3 33. Qxe4 Qf2+
34. Kh1 Qc2 35. fxg6+ fxg6 36. Rxd3 cxd3 37. Qd4 d2 38. Nc3 Qxb2 39. Qd3 Qxc3
40. Qxc3 d1=Q+ 41. Kg2 Qxa4 0-1

[Event "Groningen 2009 - Open A"]
[Site "Groningen NED"]
[Date "2009.12.22"]
[Round "2.26"]
[White "Klein, David"]
[Black "Efroimski, Marsel"]
[Result "1-0"]
[WhiteElo "2262"]
[BlackElo "2150"]
[PlyCount "141"]
[EventDate "2009.12.21"]
[EventType "swiss"]
[EventRounds "9"]
[EventCountry "NED"]
[Source "lmi"]
[SourceDate "2009.12.21"]

1. e4 c6 2. d4 d5 3. e5 Bf5 4. Nf3 e6 5. Be2 Nd7 6. O-O h6 7. Nbd2 Ne7 8. Re1
a6 9. Nf1 c5 10. Ng3 Bg4 11. dxc5 Nc6 12. c4 dxc4 13. Qa4 Qa5 14. Qxa5 Nxa5 15.
Bd2 Nc6 16. Rac1 Bxf3 17. Bxf3 Ndxe5 18. Bxc6+ Nxc6 19. Rxc4 O-O-O 20. Bc3 Rd5
21. b4 e5 22. Nf5 f6 23. a4 Na7 24. Rb1 Kd7 25. Ne3 Rd3 26. b5 axb5 27. axb5
Ke6 28. Kf1 Be7 29. Ke2 Rdd8 30. c6 b6 31. Ra4 Nc8 32. Ra8 Nd6 33. Ra6 Ne4 34.
Be1 Rb8 35. Nc4 Bc5 36. f3 Ng5 37. Rd1 Ra8 38. Rda1 Rxa6 39. Rxa6 Rb8 40. c7
Rc8 41. Nxb6 Bxb6 42. Rxb6+ Kd7 43. Bb4 Rxc7 44. Rd6+ Kc8 45. Kd3 Kb7 46. Ba5
Re7 47. Kc4 Ne6 48. Rb6+ Ka7 49. Ra6+ Kb7 50. Bb4 Rc7+ 51. Kd5 Nd4 52. Bc5 Rd7+
53. Kc4 Nf5 54. Ra7+ Kc8 55. Rxd7 Kxd7 56. Bf2 e4 57. fxe4 Nd6+ 58. Kb4 Nxe4
59. Be3 f5 60. Ka5 g5 61. Ka6 f4 62. Bd4 Nd6 63. Bg7 g4 64. Bxh6 f3 65. gxf3
gxf3 66. Be3 Nxb5 67. Kxb5 Ke6 68. h4 Kf5 69. Kc4 Kg4 70. Bf2 Kh3 71. Kd3 1-0

[Event "Groningen 2009 - Open A"]
[Site "Groningen NED"]
[Date "2009.12.22"]
[Round "2.27"]
[White "Theulings, Paul-Peter"]
[Black "Holm, Sejer"]
[Result "1-0"]
[WhiteElo "2135"]
[BlackElo "2256"]
[PlyCount "77"]
[EventDate "2009.12.21"]
[EventType "swiss"]
[EventRounds "9"]
[EventCountry "NED"]
[Source "lmi"]
[SourceDate "2009.12.21"]

1. Nf3 c5 2. c4 e6 3. Nc3 d5 4. cxd5 exd5 5. d4 Nc6 6. Bf4 Nf6 7. e3 a6 8. Be2
Be7 9. dxc5 Bxc5 10. O-O O-O 11. Rc1 Ba7 12. Bg5 Be6 13. Qa4 h6 14. Bh4 Qe7 15.
Rfd1 Rfd8 16. Rd2 Bb8 17. Rcd1 b5 18. Qc2 Nb4 19. Qb1 g5 20. Bg3 Bxg3 21. hxg3
Rac8 22. Nd4 Rd7 23. a3 Nc6 24. Nxc6 Rxc6 25. Bf3 Qc5 26. Rd4 g4 27. Be2 Kg7
28. R1d2 Rcc7 29. Qd3 Qc6 30. Rf4 Ne4 31. Qd4+ Kg8 32. Rc2 h5 33. Bd3 Nxc3 34.
Rxc3 Qd6 35. Rxc7 Qxc7 36. Qf6 Qc1+ 37. Kh2 Qd2 38. Bf5 Bxf5 39. Rxf5 1-0

[Event "Groningen 2009 - Open A"]
[Site "Groningen NED"]
[Date "2009.12.22"]
[Round "2.28"]
[White "Haast, Anne"]
[Black "Slagter, David"]
[Result "1/2-1/2"]
[WhiteElo "2251"]
[BlackElo "2108"]
[PlyCount "69"]
[EventDate "2009.12.21"]
[EventType "swiss"]
[EventRounds "9"]
[EventCountry "NED"]
[Source "lmi"]
[SourceDate "2009.12.21"]

1. e4 e6 2. d4 d5 3. Nc3 Nf6 4. Bg5 Be7 5. e5 Nfd7 6. h4 h6 7. Bxe7 Qxe7 8. f4
a6 9. Nf3 c5 10. Qd2 Nc6 11. O-O-O b5 12. g4 c4 13. f5 Nb6 14. Ne2 exf5 15. g5
Be6 16. Nf4 hxg5 17. Nxg5 Rh6 18. Rg1 Na4 19. c3 b4 20. Qc2 Nb6 21. Bh3 bxc3
22. bxc3 Rxh4 23. Rdf1 Qa3+ 24. Kd2 Na4 25. Ngxe6 fxe6 26. Rxg7 Ne7 27. Rxe7+
Kxe7 28. Ng6+ Kd7 29. Nxh4 Rb8 30. Rb1 Rxb1 31. Qxb1 Qxc3+ 32. Ke2 Qxh3 33.
Qb7+ Kd8 34. Qb8+ Kd7 35. Qb7+ 1/2-1/2

[Event "Groningen 2009 - Open A"]
[Site "Groningen NED"]
[Date "2009.12.22"]
[Round "2.29"]
[White "Hirth, Ulrich"]
[Black "Lyell, Mark"]
[Result "0-1"]
[WhiteElo "2108"]
[BlackElo "2245"]
[PlyCount "60"]
[EventDate "2009.12.21"]
[EventType "swiss"]
[EventRounds "9"]
[EventCountry "NED"]
[Source "lmi"]
[SourceDate "2009.12.21"]

1. g3 e5 2. Bg2 Nc6 3. c4 f5 4. Nc3 Nf6 5. d3 Bb4 6. Nf3 O-O 7. O-O Bxc3 8.
bxc3 d6 9. Ne1 Qe8 10. Nc2 f4 11. gxf4 Qh5 12. e4 exf4 13. Qxh5 Nxh5 14. f3 Ne5
15. Rd1 g5 16. Kf2 b6 17. a4 a5 18. Bf1 g4 19. Ne1 g3+ 20. hxg3 Nxg3 21. Bxf4
Nxe4+ 22. Ke3 Nf6 23. Rd2 Bb7 24. Bh3 Rae8 25. Rg2+ Kh8 26. Kf2 Nh5 27. Bxe5+
Rxe5 28. Ra2 Nf4 29. Rg3 Rfe8 30. Ra1 Rxe1 0-1

[Event "Groningen 2009 - Open A"]
[Site "Groningen NED"]
[Date "2009.12.22"]
[Round "2.30"]
[White "Heemskerk, Wim"]
[Black "Sparenberg, Erik"]
[Result "1/2-1/2"]
[WhiteElo "2236"]
[BlackElo "2072"]
[PlyCount "60"]
[EventDate "2009.12.21"]
[EventType "swiss"]
[EventRounds "9"]
[EventCountry "NED"]
[Source "lmi"]
[SourceDate "2009.12.21"]

1. Nf3 g6 2. c4 Bg7 3. d4 Nf6 4. g3 O-O 5. Bg2 d6 6. O-O c6 7. Nc3 Nbd7 8. e4
e5 9. h3 Qe7 10. Re1 b6 11. Be3 Bb7 12. Qc2 Ne8 13. Rad1 Nc7 14. Kh2 f6 15. Qb3
Qf7 16. Qa3 c5 17. dxc5 dxc5 18. Qa4 Rfd8 19. Nd5 Ne6 20. h4 Bf8 21. Bh3 Nd4
22. Bxd4 cxd4 23. Bxd7 Bxd5 24. cxd5 Rxd7 25. Re2 Rc8 26. Ne1 Bd6 27. Nd3 g5
28. f3 Rdc7 29. hxg5 fxg5 30. Kg2 h5 1/2-1/2

[Event "Groningen 2009 - Open A"]
[Site "Groningen NED"]
[Date "2009.12.22"]
[Round "2.31"]
[White "Pijpers, Arthur"]
[Black "Rauw, Gert Jan"]
[Result "1-0"]
[WhiteElo "2201"]
[BlackElo "2070"]
[PlyCount "59"]
[EventDate "2009.12.21"]
[EventType "swiss"]
[EventRounds "9"]
[EventCountry "NED"]
[Source "lmi"]
[SourceDate "2009.12.21"]

1. e4 c6 2. d4 d5 3. Nd2 dxe4 4. Nxe4 Nd7 5. Ng5 Ngf6 6. Bd3 e6 7. N1f3 Bd6 8.
Qe2 h6 9. Ne4 Nxe4 10. Qxe4 Qc7 11. O-O b6 12. b3 Bb7 13. Qg4 Kf8 14. Bb2 Nf6
15. Qh4 c5 16. dxc5 Qxc5 17. Bxf6 gxf6 18. Qxf6 Qh5 19. Be2 Rg8 20. g3 Be7 21.
Qf4 Qh3 22. Rfd1 Rg6 23. Bf1 Qh5 24. Ne5 Rg7 25. Rd7 Bd5 26. c4 Bg5 27. Qd4 Bf6
28. Rxd5 Kg8 29. Rb5 a6 30. Qe4 1-0

[Event "Groningen 2009 - Open A"]
[Site "Groningen NED"]
[Date "2009.12.23"]
[Round "3.1"]
[White "Kleijn, Christov"]
[Black "Reinderman, Dimitri"]
[Result "0-1"]
[WhiteElo "2383"]
[BlackElo "2575"]
[PlyCount "106"]
[EventDate "2009.12.21"]
[EventType "swiss"]
[EventRounds "9"]
[EventCountry "NED"]
[Source "lmi"]
[SourceDate "2009.12.21"]

1. e4 c5 2. Nf3 d6 3. d4 cxd4 4. Nxd4 Nf6 5. Nc3 g6 6. Be3 Bg7 7. f3 O-O 8. Bc4
Nc6 9. Qd2 Bd7 10. O-O-O Qa5 11. h4 Rfc8 12. Bb3 Ne5 13. Bg5 Nc4 14. Bxc4 Rxc4
15. Nb3 Qe5 16. Rhe1 Bc6 17. Bf4 Qe6 18. e5 dxe5 19. Bxe5 Qc8 20. Qf2 Bh6+ 21.
Kb1 Nd7 22. Bd4 e5 23. Be3 Bg7 24. Nd5 Bxd5 25. Rxd5 Nf6 26. Rd6 Ne8 27. Rd2 a5
28. Bb6 a4 29. Na5 Rb4 30. a3 Rb5 31. Rd8 Qxd8 32. Bxd8 Rxd8 33. Nc4 Nc7 34.
Nb6 e4 35. Nxa4 exf3 36. Qxf3 Ne6 37. Qf1 Rf5 38. Qe2 b5 39. Nc3 Bxc3 40. bxc3
Rc8 41. Rf1 Rfc5 42. Rf3 h5 43. Kb2 Rc4 44. Qf2 R8c7 45. Qb6 Nc5 46. Ka1 Na4
47. Qxb5 Nxc3 48. Qe8+ Kg7 49. Qd8 Ne4 50. Qd5 f5 51. Rb3 Rxc2 52. Rb7 Rc1+ 53.
Kb2 Rb1+ 0-1

[Event "Groningen 2009 - Open A"]
[Site "Groningen NED"]
[Date "2009.12.23"]
[Round "3.3"]
[White "Nyzhnyk, Illya"]
[Black "Burg, Twan"]
[Result "1/2-1/2"]
[WhiteElo "2494"]
[BlackElo "2460"]
[PlyCount "100"]
[EventDate "2009.12.21"]
[EventType "swiss"]
[EventRounds "9"]
[EventCountry "NED"]
[Source "lmi"]
[SourceDate "2009.12.21"]

1. e4 e5 2. Nf3 Nf6 3. d3 Nc6 4. g3 d5 5. exd5 Nxd5 6. Bg2 g6 7. O-O Bg7 8.
Nbd2 O-O 9. c3 Bf5 10. Ne4 h6 11. Qc2 a5 12. b3 b6 13. Bb2 Qd7 14. a3 Bh3 15.
b4 Bxg2 16. Kxg2 axb4 17. axb4 Qg4 18. Ned2 Rad8 19. Kh1 b5 20. Rae1 f5 21. Ng1
Rfe8 22. Nb3 e4 23. d4 Qg5 24. Qe2 Rb8 25. Nc5 Qe7 26. f3 exf3 27. Qxf3 Qd6 28.
Bc1 Re7 29. Rxe7 Ncxe7 30. Re1 Rb6 31. Kg2 g5 32. h3 Qg6 33. Bd2 Rd6 34. Ne2
Qf7 35. Nc1 Nb6 36. N1d3 Nc4 37. Bc1 Bf6 38. Kh2 Qd5 39. Qh5 Kg7 40. Qe8 Qf7
41. Qxb5 Nc6 42. Nb7 Nxd4 43. cxd4 Rb6 44. Qxf5 Rxb7 45. Qc5 Nd6 46. Ne5 Qa2+
47. Kh1 Qe6 48. Kg2 Qa2+ 49. Kh1 Qe6 50. Kg2 Qa2+ 1/2-1/2

[Event "Groningen 2009 - Open A"]
[Site "Groningen NED"]
[Date "2009.12.23"]
[Round "3.4"]
[White "Saravanan, Venkatachalam"]
[Black "Nijboer, Friso"]
[Result "1-0"]
[WhiteElo "2356"]
[BlackElo "2561"]
[PlyCount "63"]
[EventDate "2009.12.21"]
[EventType "swiss"]
[EventRounds "9"]
[EventCountry "NED"]
[Source "lmi"]
[SourceDate "2009.12.21"]

1. Nf3 d6 2. d4 g6 3. c4 Bg7 4. Nc3 Nf6 5. e4 O-O 6. Be2 e5 7. Be3 c6 8. d5 Ng4
9. Bg5 f6 10. Bh4 c5 11. Nd2 Nh6 12. f3 Nf7 13. a3 Na6 14. Rb1 Bd7 15. Bd3 h5
16. Bc2 Bh6 17. Bf2 f5 18. Ba4 Bxa4 19. Qxa4 h4 20. Qc2 Qf6 21. Ke2 Nc7 22.
Rbg1 Bxd2 23. Qxd2 f4 24. g3 hxg3 25. hxg3 Kg7 26. gxf4 exf4 27. Bh4 Qe5 28.
Nd1 b5 29. Nf2 Qd4 30. Qxf4 Qxb2+ 31. Kf1 Qa1+ 32. Kg2 1-0

[Event "Groningen 2009 - Open A"]
[Site "Groningen NED"]
[Date "2009.12.23"]
[Round "3.5"]
[White "Baklan, Vladimir"]
[Black "Bok, Benjamin"]
[Result "1/2-1/2"]
[WhiteElo "2655"]
[BlackElo "2337"]
[PlyCount "67"]
[EventDate "2009.12.21"]
[EventType "swiss"]
[EventRounds "9"]
[EventCountry "NED"]
[Source "lmi"]
[SourceDate "2009.12.21"]

1. e4 e5 2. Nc3 Nf6 3. g3 Bc5 4. Bg2 Nc6 5. h3 a6 6. Nge2 d6 7. d3 Be6 8. Nd5
Qd7 9. c3 Ba7 10. Qb3 O-O-O 11. Be3 Kb8 12. a4 Bxe3 13. fxe3 Ne7 14. c4 c6 15.
Nb6 Qc7 16. O-O Nd7 17. a5 Nxb6 18. axb6 Qd7 19. Kh2 f5 20. exf5 Nxf5 21. d4 d5
22. cxd5 Bxd5 23. Bxd5 cxd5 24. dxe5 Rhe8 25. e4 Nh6 26. Rad1 Rxe5 27. Rxd5
Rxd5 28. exd5 Nf5 29. Nf4 Rc8 30. Rf2 Qd6 31. Rc2 Rxc2+ 32. Qxc2 Qxb6 33. h4 g6
34. Qe2 1/2-1/2

[Event "Groningen 2009 - Open A"]
[Site "Groningen NED"]
[Date "2009.12.23"]
[Round "3.6"]
[White "Afek, Yochanan"]
[Black "Chadaev, Nikolai"]
[Result "0-1"]
[WhiteElo "2285"]
[BlackElo "2567"]
[PlyCount "104"]
[EventDate "2009.12.21"]
[EventType "swiss"]
[EventRounds "9"]
[EventCountry "NED"]
[Source "lmi"]
[SourceDate "2009.12.21"]

1. e4 e5 2. Nf3 Nf6 3. Nc3 Bb4 4. Bc4 Bxc3 5. dxc3 d6 6. O-O Nc6 7. Re1 h6 8.
Qd3 Qe7 9. a4 Nd8 10. a5 a6 11. b4 Ne6 12. Nh4 g6 13. f4 Nh5 14. Bxe6 Bxe6 15.
Nf3 Nxf4 16. Bxf4 exf4 17. Qd4 f6 18. e5 dxe5 19. Nxe5 fxe5 20. Qxe5 O-O-O 21.
Qxe6+ Qxe6 22. Rxe6 g5 23. Rae1 Rd2 24. R1e2 Rxe2 25. Rxe2 Kd7 26. Kf2 Rf8 27.
Kf3 Rf6 28. Rd2+ Kc6 29. Rd4 b6 30. Rc4+ Kb7 31. axb6 cxb6 32. Re4 Rc6 33. c4
a5 34. c5 axb4 35. Rxb4 Rxc5 36. Rb2 Ka6 37. Ke4 b5 38. Kd4 Kb6 39. c3 Kc6 40.
Ra2 Rd5+ 41. Ke4 Kc5 42. h4 gxh4 43. Ra6 Rh5 44. Kd3 h3 45. gxh3 Rxh3+ 46. Kd2
h5 47. Rf6 Rf3 48. Rh6 h4 49. Rxh4 Kc4 50. Ke2 Rxc3 51. Rxf4+ Kb3 52. Kd2 b4
0-1

[Event "Groningen 2009 - Open A"]
[Site "Groningen NED"]
[Date "2009.12.23"]
[Round "3.7"]
[White "Genov, Petar"]
[Black "Donker, Roel"]
[Result "1-0"]
[WhiteElo "2476"]
[BlackElo "2140"]
[PlyCount "125"]
[EventDate "2009.12.21"]
[EventType "swiss"]
[EventRounds "9"]
[EventCountry "NED"]
[Source "lmi"]
[SourceDate "2009.12.21"]

1. d4 Nf6 2. c4 e6 3. Nf3 Bb4+ 4. Bd2 Qe7 5. g3 Nc6 6. Bg2 Bxd2+ 7. Nbxd2 d6 8.
O-O O-O 9. e4 e5 10. d5 Nb8 11. Ne1 a5 12. Nd3 Na6 13. Qe2 Nd7 14. f4 Ndc5 15.
f5 f6 16. Nf2 Bd7 17. Nb1 Rab8 18. Nc3 Rfd8 19. Rab1 Be8 20. b3 Kh8 21. a3 a4
22. b4 Nb3 23. Nd3 c6 24. dxc6 bxc6 25. Nb2 Qa7+ 26. Kh1 Nc7 27. Qf2 Nd4 28.
Ne2 c5 29. b5 Na8 30. Nc3 Nb6 31. Nd5 Bf7 32. Ne3 Ra8 33. g4 Qe7 34. Rg1 Kg8
35. Bf1 Ra7 36. h4 Kf8 37. Bd3 Ke8 38. Nbd1 Kd7 39. Nc3 Kc8 40. g5 h6 41. gxh6
gxh6 42. Rg7 Qf8 43. Rbg1 Rad7 44. R7g3 Bh5 45. Ncd5 Nxd5 46. Nxd5 Kb7 47. Qe3
Qh8 48. R1g2 Rf8 49. Nc3 Qh7 50. Be2 Nxe2 51. Nxe2 Bxe2 52. Qxe2 Qf7 53. h5 d5
54. exd5 Kb6 55. Rg6 Qe7 56. Qe4 Rh8 57. Kh2 Ka5 58. Kh3 Kb6 59. R2g4 Ka5 60.
Qe3 Kb6 61. Re4 Rd6 62. Qg3 Qa7 63. Rxe5 1-0

[Event "Groningen 2009 - Open A"]
[Site "Groningen NED"]
[Date "2009.12.23"]
[Round "3.8"]
[White "Swinkels, Robin"]
[Black "Wiel van der, John"]
[Result "1-0"]
[WhiteElo "2500"]
[BlackElo "2475"]
[PlyCount "63"]
[EventDate "2009.12.21"]
[EventType "swiss"]
[EventRounds "9"]
[EventCountry "NED"]
[Source "lmi"]
[SourceDate "2009.12.21"]

1. d4 Nf6 2. c4 e6 3. g3 d5 4. Nf3 dxc4 5. Bg2 c5 6. O-O cxd4 7. Nxd4 Qb6 8.
Qa4+ Bd7 9. Qxc4 Na6 10. Qb3 Nb4 11. a3 Qxd4 12. Be3 Qd6 13. axb4 Bc6 14. Bc5
Qb8 15. Bxf8 Rxf8 16. Bxc6+ bxc6 17. Rc1 Nd5 18. Rxc6 Qxb4 19. Qxb4 Nxb4 20.
Rc4 Nd5 21. e4 Nf6 22. Nc3 a6 23. Nb5 Ke7 24. Rc7+ Nd7 25. Na7 Kd8 26. Rb7 Ke8
27. Rd1 Nc5 28. Rc7 Nxe4 29. Nc6 Rh8 30. Rdd7 Ng5 31. h4 Nf3+ 32. Kg2 1-0

[Event "Groningen 2009 - Open A"]
[Site "Groningen NED"]
[Date "2009.12.23"]
[Round "3.9"]
[White "Brandenburg, Daan"]
[Black "Caspi, Israel"]
[Result "1-0"]
[WhiteElo "2481"]
[BlackElo "2423"]
[PlyCount "133"]
[EventDate "2009.12.21"]
[EventType "swiss"]
[EventRounds "9"]
[EventCountry "NED"]
[Source "lmi"]
[SourceDate "2009.12.21"]

1. e4 d5 2. exd5 Qxd5 3. Nc3 Qd6 4. d4 Nf6 5. Nf3 c6 6. Ne5 Nbd7 7. Bf4 Nd5 8.
Nxd5 Qxd5 9. Nf3 Nb6 10. Be2 Bf5 11. c3 e6 12. O-O Be7 13. a4 a5 14. Bc7 Bd8
15. Bg3 O-O 16. Ne5 Bf6 17. Bf3 Qd8 18. Qb3 Ra7 19. Rad1 Nd5 20. Rfe1 h6 21.
Re2 Bg5 22. Nc4 Be7 23. Ne3 Bg6 24. Ng4 Nf6 25. Nxf6+ Bxf6 26. c4 Bxd4 27. c5
b6 28. Bd6 bxc5 29. Bxc5 Bxc5 30. Rxd8 Rxd8 31. g3 Rc7 32. Be4 Bh5 33. Bf3 Bg6
34. Be4 Bh5 35. Rd2 Rdc8 36. Bf3 Bg6 37. h4 Bb4 38. Rd1 Bf5 39. Qc4 Be7 40. Kg2
Bf6 41. Rd2 Be7 42. Qa6 Bb4 43. Rd7 c5 44. Rxc7 Rxc7 45. Qa8+ Kh7 46. Qd8 Ra7
47. g4 Bc2 48. Bc6 Bg6 49. h5 Bc2 50. Kf3 g6 51. hxg6+ Bxg6 52. Be4 Kg7 53. Ke3
Kh7 54. f4 Bxe4 55. Kxe4 c4 56. Qc8 Re7 57. Qxc4 Rd7 58. f5 exf5+ 59. gxf5 Re7+
60. Kf3 Kg7 61. Qd4+ Kh7 62. Kg4 Rc7 63. Kh5 Rc6 64. Qe5 Rd6 65. f6 Rd2 66.
Qe4+ Kg8 67. Qg4+ 1-0

[Event "Groningen 2009 - Open A"]
[Site "Groningen NED"]
[Date "2009.12.23"]
[Round "3.10"]
[White "Giri, Anish"]
[Black "Assendelft van, Floris"]
[Result "1-0"]
[WhiteElo "2585"]
[BlackElo "2325"]
[PlyCount "67"]
[EventDate "2009.12.21"]
[EventType "swiss"]
[EventRounds "9"]
[EventCountry "NED"]
[Source "lmi"]
[SourceDate "2009.12.21"]

1. e4 c5 2. Nf3 d6 3. d4 cxd4 4. Nxd4 Nf6 5. Nc3 a6 6. Be3 e6 7. g4 h5 8. g5
Ng4 9. Bc1 Qb6 10. h3 Ne5 11. Nb3 Nbc6 12. Be3 Qc7 13. f4 Nd7 14. g6 fxg6 15.
Rg1 Be7 16. Rxg6 Bh4+ 17. Kd2 Bf6 18. Be2 Bxc3+ 19. bxc3 Nf6 20. Bd3 e5 21. Qg1
exf4 22. Bb6 Qd7 23. Rxg7 Ne7 24. Nd4 Rg8 25. e5 dxe5 26. Bg6+ Kf8 27. Rf7+ Ke8
28. Rxf6+ Rxg6 29. Rxg6 exd4 30. Rg8+ Nxg8 31. Qxg8+ Ke7 32. Re1+ Kd6 33. Qf8+
Kd5 34. Qc5# 1-0